00307cam a2200097 a 4500082001200000245006100012260005700073300004500130650001200175650002200187 a500 PUR00aPursuit and promotion of science :the indi9an experience aNew Delhi :bIndian National Science Academy,c2001. a399 p. :bchiefly col. ill., col. maps ; 0aScience 0aScience and state